Landscape gardening view: (Record no. 12076)

000 -LEADER
fixed length control field 00358 a2200145 4500
003 - CONTROL NUMBER IDENTIFIER
control field OSt
005 - DATE AND TIME OF LATEST TRANSACTION
control field 20231229170150.0
008 - FIXED-LENGTH DATA ELEMENTS--GENERAL INFORMATION
fixed length control field 231228b ||||| |||| 00| 0 eng d
020 ## - INTERNATIONAL STANDARD BOOK NUMBER
International Standard Book Number 9781965540299
082 ## - DEWEY DECIMAL CLASSIFICATION NUMBER
Classification number 711
100 ## - MAIN ENTRY--PERSONAL NAME
Personal name Lucas Ng att all.,
245 ## - TITLE STATEMENT
Title Landscape gardening view:
Remainder of title playground
260 ## - PUBLICATION, DISTRIBUTION, ETC. (IMPRINT)
Place of publication, distribution, etc Korea
Name of publisher, distributor, etc Crescendo publishing
942 ## - ADDED ENTRY ELEMENTS (KOHA)
Source of classification or shelving scheme
Holdings
Withdrawn status Lost status Source of classification or shelving scheme Damaged status Koha normalized classification for sorting Not for loan Permanent location Current location Date acquired Source of acquisition Cost, normal purchase price Full call number Barcode Date last seen Cost, replacement price Price effective from Koha item type
        711_000000000000000   BMS College of Architecture, Design and Planning BMS College of Architecture, Design and Planning 2023-12-29 10 3890.25 711 AR-UG3416 2023-12-29 5557.50 2023-12-29 UG Books
Copyright © 2025, The Librarian, Library and Information Centre, BMSCA D&P, Bengaluru. All Rights Reserved
web counter

Powered by Koha